যুগ বিচিত্রা / (Record no. 44623)
[ view plain ]
| 000 -LEADER | |
|---|---|
| fixed length control field | 00885nam a2200229 a 4500 |
| 001 - CONTROL NUMBER | |
| control field | 44623 |
| 003 - CONTROL NUMBER IDENTIFIER | |
| rucl marc code | BD-RjUL |
| 005 - DATE AND TIME OF LATEST TRANSACTION | |
| control field | 20211209053906.0 |
| 008 - FIXED-LENGTH DATA ELEMENTS--GENERAL INFORMATION | |
| fixed length control field | 160718s1967 bg ||||| |||| 00| 0 ben d |
| 020 ## - INTERNATIONAL STANDARD BOOK NUMBER | |
| Terms of availability | : PRs.12.00 |
| 035 ## - SYSTEM CONTROL NUMBER | |
| System control number | (BD-RjUL)44741 |
| 040 ## - CATALOGING SOURCE | |
| Original cataloging agency | BD-RjUL |
| Language of cataloging | ben |
| Transcribing agency | BD-RjUL |
| Modifying agency | BD-RjUL |
| 041 ## - LANGUAGE CODE | |
| Language code of text/sound track or separate title | ben |
| 082 ## - DEWEY DECIMAL CLASSIFICATION NUMBER | |
| Edition number | 23 |
| Classification number | 954.9204 |
| Author mark and year | WAJ 1967 |
| 100 ## - MAIN ENTRY--PERSONAL NAME | |
| Personal name | ওয়ালিউল্লাহ্, মোহাম্মদ |
| 9 (RLIN) | 136886 |
| 245 10 - TITLE STATEMENT | |
| Title | যুগ বিচিত্রা / |
| Statement of responsibility, etc. | মোহাম্মদ ওয়ালিউল্লাহ্, |
| 260 ## - PUBLICATION, DISTRIBUTION, ETC. (IMPRINT) | |
| Place of publication, distribution, etc. | ঢাকা : |
| Name of publisher, distributor, etc. | মাওলা ব্রাদার্স, |
| Date of publication, distribution, etc. | ১৯৬৭ |
| 300 ## - PHYSICAL DESCRIPTION | |
| Pagination | ii, ৫৩২ পৃ. ; |
| Size | ২৩ সেমি. |
| 650 ## - SUBJECT ADDED ENTRY--TOPICAL TERM | |
| Topical term or geographic name as entry element | ইতিহাস |
| Geographic subdivision | বাংলাদেশ |
| Chronological subdivision | ১৯৪৭-১৯৭১ |
| 9 (RLIN) | 136887 |
| Topical term or geographic name as entry element | History |
| Geographic subdivision | Bangladesh |
| Chronological subdivision | 1947-1971 |
| 9 (RLIN) | 136888 |
| 942 ## - ADDED ENTRY ELEMENTS (KOHA) | |
| Source of classification or shelving scheme | Dewey Decimal Classification |
| Koha item type | Books |
| Lost status | Source of classification or shelving scheme | Damaged status | Not for loan | Collection code | Permanent Location | Current Location | Shelving location | Date acquired | Source of acquisition | Cost, normal purchase price | Total Checkouts | Full call number | Date last seen | Copy number | Koha item type |
|---|---|---|---|---|---|---|---|---|---|---|---|---|---|---|---|
| Dewey Decimal Classification | Non-fiction | Central Library, University of Rajshahi | Central Library, University of Rajshahi | 24/06/1970 | Pakistan book cor. Dacca | 12.00 | B 954.9204 WAJ 1967 | 18/07/2016 | C-2 | Books | |||||
| Dewey Decimal Classification | Non-fiction | Central Library, University of Rajshahi | Central Library, University of Rajshahi | 24/06/1970 | Pakistan book cor. Dacca | 12.00 | B 954.9204 WAJ 1967 | 21/07/2016 | C-3 | Books |